02130nam a2200493 a 4500001001200000003000800012006001900020007001500039008004100054010001700095020002500112020002200137020001800159020002700177040002100204035002100225050002600246082001900272111005900291245021700350246002900567246003100596246003500627246006400662246004800726260007000774300002500844440005200869500004800921504005300969533015201022650004901174650004701223650002601270650003301296655002901329700001601358700001701374700002001391710006501411710001701476856012601493999001701619ebr10604271CaPaEBRm u cr cn|||||||||110609s2010 sz a sb 101 0 eng d z 2010526149 z9780878492763 (pbk.) z0878492763 (pbk.) z9780878492763 z9783038133575 (e-book) aCaPaEBRcCaPaEBR a(OCoLC)82317019114aTN799.T5bS795 2010eb04a620.1893222222 aSymposium on "Cost-affordable Titanium"n(3rd :d2010)10aCost-affordable titanium IIIh[electronic resource] :bselected, peer reviewed papers from the TMS 2010 spring Symposium on "Cost-affordable Titanium III" /cedited by M. Ashraf Imam, F. H. Froes, Kevin F. Dring.30aCost-affordable titanium3 aCost-affordable titanium 33 aCost-affordable titanium three30aTMS 2010 spring Symposium on "Cost-affordable Titanium III"30aSymposium on "Cost-affordable Titanium III" aStafa-Zurich ;aEnfield, N.H. :bTrans Tech Publications,cc2010. aviii, 226 p. :bill. 0aKey engineering materials,x1013-9826 ;vv. 436 aConference sponsor: TMS Titanium Committee. aIncludes bibliographical references and indexes. aElectronic reproduction.bPalo Alto, Calif. :cebrary,d2011.nAvailable via World Wide Web.nAccess may be limited to ebrary affiliated libraries. 0aTitanium industryxCost controlvCongresses. 0aAutomobilesxMaterialsxCostsvCongresses. 0aTitaniumvCongresses. 0aTitanium alloysvCongresses. 7aElectronic books.2local1 aImam, M. A.1 aFroes, F. H.1 aDring, Kevin F.2 aMinerals, Metals and Materials Society.bTitanium Committee.2 aebrary, Inc.40uhttp://site.ebrary.com/lib/rucke/Doc?id=10604271zAn electronic book accessible through the World Wide Web; click to view c99901d99901